000 00543nam a22001937a 4500
003 OSt
005 20230324041716.0
008 160616b xxu||||| |||| 00| 0 eng d
010 _a 82217905
020 _a0263095975 :
_c£3.25
040 _aMMU
_cMMU
_dMMU
_beng
050 0 0 _aPS3643 .W47 1979
100 1 _aWeston, Sophie.
245 1 3 _aAn undefended city /
_cby Sophie Weston.
260 _aLondon :
_bMills & Boon,
_c1979.
300 _a189 p. :
_c19 cm.
906 _a7
_bcbc
_corignew
_d5
_encip
_f19
_gy-gencatlg
942 _2lcc
_cLOAN LOAN
999 _c17562
_d17562